| 000 | 00869nam a22002057a 4500 | ||
|---|---|---|---|
| 999 |
_c64847 _d64847 |
||
| 005 | 20181116114940.0 | ||
| 010 | _aB-229886 | ||
| 020 |
_a8183571174 _c400.00 |
||
| 035 | _aB-229880, B-229886 B-229882 | ||
| 082 | _a301 | ||
| 245 |
_aUnique quintessence of sociology for U.P.S.C. and State Civil Services (preliminary) examinations and other competitive examinations / _cedited by J.K. Chopra |
||
| 250 | _a27th ed. | ||
| 260 |
_aNew Delhi _bUnique Publishers _c2007 |
||
| 270 |
_aM-51, Lajpat Nagar-II, _bNew Delhi _e110024 _k29833520 _l46573070 _muniquepublishers@hotmail.com |
||
| 300 |
_axx,900p. _c27cm. (pbk) |
||
| 700 |
_aChopra, J.K. _9790 |
||
| 942 |
_2ddc _cEN _mUNI _h301 |
||